Die größten Städte mit Q - Statistiken

Allgemein
  • Dieses Quiz wurde 88 mal gespielt
  • Das Durchschnittsergebnis liegt bei 3 aus 21
Antwortstatistiken
Land Antwort Einwohner % Korrekt
Ecuador Quito 2.900.000
100%
Kanada Quebec City 550.000
71%
China Qingdao 7.250.000
45%
Iran Qom 1.400.000
26%
Pakistan Quetta 1.250.000
18%
Mexiko Querétaro 1.640.000
9%
China Qiqihar 1.030.000
6%
Usbekistan Qarshi 278.000
3%
Iran Qazvin 380.000
3%
Ägypten Qina 235.000
3%
Usbekistan Qo‘qon 222.000
3%
Mosambik Quelimane 350.000
3%
China Qionghai 480.000
2%
Argentinien Quilmes 520.000
2%
Iran Qarchak 252.000
0%
China Qianjiang 200.000
0%
China Qingyuan 1.270.000
0%
China Qinhuangdao 1.630.000
0%
Vietnam Qui Nhon 210.000
0%
China Qujing 1.070.000
0%
Indien Quthbullapur 225.000
0%
Keine übereinstimmenden Quizze gefunden
Verteilung der Resultate
Anzahl Personen mit jedem Resultat
Perzentil nach korrekt beantworteten Fragen
Ihre Resultats-Entwicklung
Sie haben dieses Quiz noch nicht gespielt